Science A-Z - Statistics

General Stats
  • This quiz has been taken 49 times
  • The average score is 40 of 52
Answer Stats
Hint Answer % Correct
A) The study of space is called Astronomy
100%
C) Diamonds are made of this element Carbon
96%
O) What we breathe in Oxygen
96%
I) Its chemical symbol is Fe Iron
94%
J) The largest planet in the Solar System Jupiter
94%
N) National Aeronautic and Space Administration NASA
94%
P) The furthest planet from the Sun, now a dwarf Pluto
94%
P) Element K, found in bananas Potassium
94%
S) Common food created by sodium-chloride Salt
94%
E) Occurs when the sun or moon blocks one another from the Earth Eclipse
91%
E) One of the most famous physicists whodiscovered the theory of relativity Einstein
91%
H) The lightest and most abundant element, atomic #1 Hydrogen
91%
F) Longest bone in the body Femur
89%
K) The base scale of temperature measured in absolute units Kelvin
89%
S) Gas giant with massive rings around it Saturn
89%
V) One of the hottest planets in the solar system, the 3rdfrom the Sun Venus
89%
C) Cancer patients receive this type of therapy to kill cells Chemotherapy
87%
U) One of the most vital elements for nuclear power, a naturally radioactive material Uranium
87%
W) A unit of power equal to 1 joule per second Watt
87%
X) This type of imaging creates pictures of the inside ofthe body X Ray
87%
A) This noble gas is element #18 Argon
85%
J) A unit of measurement for energy of work Joule
85%
M) The study of weather and the atmosphere Meteorology
85%
Q) Hard crystal primarily made of silicon dioxide,often used in jewelry Quartz
85%
Z) The study of animal behavior, structure, and classification Zoology
85%
G) This small organ stores and concentrates bile Gall Bladder
83%
H) Large circulating storms forming in warmer watersand weaken over large paths of land Hurricane
83%
L) The Latin word meaning moon or moon related Lunar
83%
T) Element number 50, Sn Tin
83%
U) Ice giant that due to its extreme axial tilt, appears to spin on its side Uranus
81%
F) Gas, coal, oil are considered these Fossil Fuels
79%
O) The study of cancer and its treatments Oncology
77%
X) Colorless and odorless noble gas, atomic number 54 Xenon
77%
K) Hard fibrous protein, found in human nails Keratin
72%
N) A cells control center, containing the chromosomes Nucleus
72%
T) Largest moon of Saturn Titan
72%
R) Toxic noble gas often found in old homes with crackingfoundations or poor ventilation Radon
70%
L) The fatty compounds found in the body Lipids
68%
M) The process of cell division for eukaryotic cells Mitosis
68%
R) Bone in the arm located on the lateral side Radius
68%
V) Large chambers at the bottom of the heart Ventricle
68%
Z) A single cell that forms when a sperm and egg combine Zygote
68%
G) Jupiters largest moon Ganymede
64%
Q) A highly luminous object surrounded by gas/dust,often at the center of black holes Quasar
64%
B) This toxic gas emits an orange-brown vapor. Element #35 Bromine
60%
D) Shape in which DNA occurs Double Helix
55%
I) Layer of the upper atmosphere where UV lightand solar radiation are ionized Ionosphere
53%
W) The process by which rocks are broken down Weathering
47%
D) The branches/extensions of a nerve cell Dendrite
45%
Y) Type of star, also known as G type. Our Sun is one of them Yellow Dwarf
40%
Y) A soft, silvery white malleable element, atomic #70 Ytterbium
34%
B) Major artery in the upper arm Brachial
32%
No matching quizzes found
Score Distribution
Percent of People with Each Score
Percentile by Number Answered
Your Score History
You have not taken this quiz